Diagnóstico del estado de los acueductos de Tres amigos , Candelaria y Campos de Oro , San Rafael y La Cruz ubicados en la parte alta de la cuenca del río Abangares y propuestas por su mejoramiento
Guardado en:
| Hovedforfatter: | |
|---|---|
| Format: | Bog |
| Sprog: | Spanish |
| Udgivet: |
[San José], Costa Rica
2016
|
| Fag: |
CUENCA DEL RIO ABANGARES (COSTA RICA)
> ABANGARES (GUANACASTE) - SUMINISTRO DE AGUA
> ACUEDUCTOS - EVALUACION -TRES AMIGOS (ABANGARES, GUANACASTE, COSTA RICA)
> ACUEDUCTOS - EVALUACION -CANDELARIA (ABANGARES, GUANACASTE, COSTA RICA)
> ACUEDUCTOS - EVALUACION -CAMPOS DE ORO (ABANGARES, GUANACASTE, COSTA RICA)
> ACUEDUCTOS - EVALUACION - SAN RAFAEL(ABANGARES, GUANACASTE, COSTA RICA)
> ACUEDUCTOS - EVALUACION -LA CRUZ (ABANGARES, GUANACASTE, COSTA RICA)
> AGUA POTABLE - ABANGARES (GUANACASTE, COSTA RICA)
|
| Tags: |
Tilføj Tag
Ingen Tags, Vær først til at tagge denne postø!
|
MARC
| LEADER | 00000nam a22000007a 4500 | ||
|---|---|---|---|
| 003 | 012542 | ||
| 005 | 20221231144142.0 | ||
| 008 | 170202b2016 cr a|||| m||| 00| ||spa d | ||
| 040 | |c cru CEDI | ||
| 090 | |a TFG 7693 | ||
| 100 | |9 6712 |a Quirós Soto, Gloriana | ||
| 245 | |a Diagnóstico del estado de los acueductos de Tres amigos , Candelaria y Campos de Oro , San Rafael y La Cruz ubicados en la parte alta de la cuenca del río Abangares y propuestas por su mejoramiento | ||
| 260 | |a [San José], Costa Rica |c 2016 | ||
| 300 | |a x, 183[37] hojas ; ilustraciones a color | ||
| 500 | |a Proyecto de graduación (licenciatura en ingeniería civil)--Universidad de Costa Rica. Facultad de Ingeniería. Escuela de Ingeniería Civil | ||
| 651 | |x CUENCA DEL RIO ABANGARES (COSTA RICA) |x ABANGARES (GUANACASTE) - SUMINISTRO DE AGUA |x ACUEDUCTOS - EVALUACION -TRES AMIGOS (ABANGARES, GUANACASTE, COSTA RICA) |x ACUEDUCTOS - EVALUACION -CANDELARIA (ABANGARES, GUANACASTE, COSTA RICA) |x ACUEDUCTOS - EVALUACION -CAMPOS DE ORO (ABANGARES, GUANACASTE, COSTA RICA) |x ACUEDUCTOS - EVALUACION - SAN RAFAEL(ABANGARES, GUANACASTE, COSTA RICA) |x ACUEDUCTOS - EVALUACION -LA CRUZ (ABANGARES, GUANACASTE, COSTA RICA) |x AGUA POTABLE - ABANGARES (GUANACASTE, COSTA RICA) |9 6713 | ||
| 942 | |c TFG | ||
| 999 | |c 17652 |d 17652 | ||
